Language Quiz

Random Language or Spanish Quiz

Spanish: Prepositions Quiz Stats

 Plays Quiz Updated Feb 24, 2020

Support Sporcle.
Go Orange.
Score 0/28 Timer 03:00
5 Plays Today
English Spanish % Correct
Inen
85.7%
Forpor, para
84.5%
Fromde, desde
80.3%
Ofde
79.5%
Withcon
78.9%
Afterdespués de
78.2%
Beforeantes de
75.1%
Withoutsin
71%
Aboutsobre, acerca de
66.7%
Nearcerca de
62.1%
Duringdurante
59.7%
Bypor
56.6%
Betweenentre
56.1%
Againstcontra, en contra de
55.4%
English Spanish % Correct
Underdebajo de, abajo de
48.5%
Aroundalrededor de
48.1%
Behinddetrás de, atrás de
46.9%
Untilhasta
45.6%
Oversobre, encima de
41.7%
Sincedesde
41.2%
Outsidefuera de
38.3%
Insidedentro de
37.4%
Next (to)al lado de
36.5%
Throughpor, a través de
34.2%
Acrossa través de
24%
Towardhacia
21.3%
Despitea pesar de
17.9%
Beyondde aquí en adelante, más allá
17%

You're not logged in!

Compare scores with friends on all Sporcle quizzes.
OR
Log In

From the Vault

College Towns III

by Ben

You can always tell a college town by how packed the copy shops are at 2am.
Remove Ads.
Support Sporcle.
Get the best of Sporcle when you Go Orange. This ad-free experience offers more features, more stats, and more fun while also helping to support Sporcle. Thank you for becoming a member.

Show Comments

Extras

Top Quizzes Today


Score Distribution

Your Account Isn't Verified!

In order to create a playlist on Sporcle, you need to verify the email address you used during registration. Go to your Sporcle Settings to finish the process.

Report this User

Report this user for behavior that violates our Community Guidelines.

Details: